Places to Send Your Children Quiz Stats

Quiz Updated Jan 18, 2018

Challenge
Share
Tweet
Embed
Score 0/25 Timer 03:00
11 Plays Today
Rank Country % Correct
4France
96.5%
5China
94%
3Spain
94%
6Germany
93.7%
2Italy
92.3%
1United Kingdom
92.2%
10Japan
91.5%
12Mexico
87.9%
9Australia
87.5%
16Brazil
85.8%
18Argentina
75%
7Ireland
72.9%
13India
72.9%
Rank Country % Correct
22New Zealand
67.5%
11South Africa
66.5%
19Greece
64.4%
25Chile
63.2%
24Austria
58.3%
20South Korea
56.8%
15Denmark
54.9%
21Peru
53.2%
23Israel
43.2%
14Czechia
32.3%
17Ecuador
27.3%
8Costa Rica
26.5%

You're not logged in!

Compare scores with friends on all Sporcle quizzes.
Sign Up with Email
OR
Log In

You Might Also Like...

Show Comments

Extras

Top Quizzes Today


Score Distribution

Your Account Isn't Verified!

In order to create a playlist on Sporcle, you need to verify the email address you used during registration. Go to your Sporcle Settings to finish the process.